| 000 | 00482nam a2200193Ia 4500 | ||
|---|---|---|---|
| 005 | 20240913125640.0 | ||
| 008 | 240913s9999||||xx |||||||||||||| ||und|| | ||
| 020 | _a978-0-471-92552-1 | ||
| 041 | _aENGLISH | ||
| 082 | _A610.28 P8 | ||
| 100 | _aKenneth E Gonsalves Ed. & et al. | ||
| 245 | 0 | _aBiomedical Nanostructures | |
| 250 | _a1st | ||
| 260 |
_c2008 _bWiley Intersc |
||
| 500 | _aREFERENCE | ||
| 650 |
_aBiomedical _bBio Medical Engg. |
||
| 942 | _cREF | ||
| 999 |
_c245984 _d245984 |
||